Contemporary diplomatic and consular relations : selected aspects /

Detaylı Bibliyografya
Diğer Yazarlar: Naskou-Perraki, Paraskevi
Materyal Türü: Kitap
Dil:English
Baskı/Yayın Bilgisi: Cham : Springer, 2025.
Konular:
Classic Catalogue: View this record in Classic Catalogue
LEADER 01550nam a22002897a 4500
001 45457
003 BD-DhAAL
005 20260401105259.0
008 260401t2025 sz ||||| b||| 00| 0 eng d
020 |a 9783031992421 
020 |a 9783031992438 (eBook) 
040 |a BD-DhAAL  |c BD-DhAAL 
082 |a 327.2 
245 1 0 |a Contemporary diplomatic and consular relations :  |b selected aspects /  |c edited by Paraskevi Naskou-Perraki. 
260 |a Cham :  |b Springer,  |c 2025.  
300 |a xxxii, 348 pages ;  |c 24 cm 
500 |a This Open Access book presents the evolution of diplomacy from its historical roots to its modern-day practices.It explores how diplomacy has been shaped by key events, such as the Congress of Vienna (1815), and the establishment of the United Nations (1945).  
541 |a Donated by Professor Syed Ferhat Anwar, PhD (Vice Chancellor of BRAC University)  |e 45457 
650 0 |a Diplomacy. 
650 0 |a Diplomacy history.  |9 60395 
650 7 |a LAW / International. 
650 7 |a POLITICAL SCIENCE / International Relations / Diplomacy.  |9 60396 
650 7 |a POLITICAL SCIENCE / Public Policy. 
700 1 |a Naskou-Perraki, Paraskevi.  |9 60397 
942 |2 ddc  |c BK 
999 |c 47758  |d 47758 
952 |0 0  |1 0  |2 ddc  |4 0  |6 327_200000000000000_CON  |7 0  |9 78875  |a BRACUL  |b BRACUL  |c NEW  |d 2026-04-01  |e Donated by Professor Syed Ferhat Anwar, PhD (Vice Chancellor of BRAC University)  |l 0  |o 327.2 CON  |p 3010045457  |r 2026-04-01  |t 1  |w 2026-04-01  |y BK  |x Donated copy received from Professor Syed Ferhat Anwar, PhD (Vice Chancellor of BRAC University) on 31 March 2026